| 000 | 00445nam a2200193Ia 4500 | ||
|---|---|---|---|
| 005 | 20240823040427.0 | ||
| 008 | 240823s9999||||xx |||||||||||||| ||und|| | ||
| 020 | _a978-81-7229-008-5 | ||
| 041 | _aENGLISH | ||
| 082 | _A954.035092 Q2 | ||
| 100 | _aGandhi M K | ||
| 245 | 3 | _aAn Autobiography | |
| 250 | _a1st | ||
| 260 |
_c2012 _bNavajivan Publishing |
||
| 500 | _aYES | ||
| 650 |
_aBiography _bGeneral |
||
| 942 | _cBK | ||
| 999 |
_c203079 _d203079 |
||